000 00499nam a22001937a 4500
003 MPLRDC
005 20220104202302.0
008 210129b ||||| |||| 00| 0 eng d
020 _a978-986-6157-47-9
082 _a857.7 HX v.8
100 _a护玄
245 _a异动之刻. 卷8
_cAKRU 插画
250 _a初版一刷
260 _a台湾
_b盖亚文化有限公司
_c2011
300 _b
520 _a上架 2018-01-02。
650 _a现代长篇小说
942 _cBK
_o857.7 HX v.8
999 _c67568
_d67558